000 00682nam a2200265Ia 4500
005 20260121165344.0
008 008 260114s9999 xx 000 0 eng d
020 _a9783319546186
037 _aEBOOK
040 _aCRL
040 _beng
040 _cCRL
041 _2eng
041 _aeng
084 _qCRL
100 _aMeg Holden, Rhonda Phillips, Chantal Stevens
_91050691
245 0 _aCommunity Quality-of-Life Indicators: Best Cases VII
260 _bSpringer
260 _bSpringer
260 _c2017
856 _uhttps://link.springer.com/openurl?genre=book&isbn=978-3-319-54618-6
942 _cEBOOK
999 _c1616416
_d1616416